OTPs - Statistics

General Stats
  • This quiz has been taken 19 times
    12 since last reset
  • The average score is 8 of 17
Answer Stats
Hint Answer % Correct
Harry Styles & Louis Tomlinson Larry
82%
Dan Howell & Phil Lester Phan
82%
Zoe Sugg & Alfie Deyes Zalfie
64%
Damon Salvator & Elena Gilbert Delena
55%
John Watson & Sherlock Holmes Johnlock
55%
Harry Styles & Niall Horan Narry
55%
Troye Sivan & Tyler Oakley Troyler
55%
Zayn Malik & Liam Payne Ziam
55%
Dean Winchester & Castiel Destiel
45%
Kim Kardashian & Kanye West Kimye
45%
Troye Sivan & Connor Franta Tronnor
45%
Joey Graceffa & Daniel Christopher Janiel
36%
Joshua Evans & Colleen Evans Joshleen
27%
Stiles Stilinski & Derek Hale Sterek
27%
Eren Jaeger & Levi Ackerman Ereri
9%
Hannah Hart & Ingrid Nilsen Hangrid
9%
Colleen Evans & Lilly Singh Lilleen
9%
No matching quizzes found
Score Distribution
Percent of People with Each Score
Percentile by Number Answered
Your Score History
You have not taken this quiz since the last reset